Normal view
MARC view
Entry Personal Name
001 - CONTROL NUMBER
- control field: 56653
003 - CONTROL NUMBER IDENTIFIER
- control field: OSt
005 - DATE AND TIME OF LATEST TRANSACTION
- control field: 20220918180636.0
008 - FIXED-LENGTH DATA ELEMENTS
- fixed length control field: 220918|| aca||aabn | a|a d
040 ## - CATALOGING SOURCE
- Original cataloging agency: OSt
- Transcribing agency: OSt
100 ## - HEADING--PERSONAL NAME
- Personal name: Langley Adria Locke
670 ## - SOURCE DATA FOUND
- Source citation: Work cat.: (OSt)162392: Langley Adria Locke, Lion is in the streets , 1945
